| 000 | 00670nam a2200193Ia 4500 | ||
|---|---|---|---|
| 003 | GCL | ||
| 008 | 140319s9999 xx 000 0 ara d | ||
| 040 |
_aGCL / _cGCL |
||
| 082 | 0 | 4 |
_a250 _bا ز |
| 100 | 1 | _aاحمد عبدالشافى | |
| 245 | 1 | 0 |
_aالزواجر عن اقتراف الكبائر / _cاحمد عبدالشافى |
| 700 | 1 | _aابى العباس احمد بن محمد بن على | |
| 260 |
_a[S.N] : _bدار الكتب العلمية للنشر والتوزيع ، _c1993 |
||
| 300 | _a458 ص | ||
| 490 | _a | ||
| 650 | 0 | 4 | _aالشريعة الاسلامية |
| 650 | 0 | 4 | _aالكبائر ( الشريعة الاسلامية ) |
| 942 |
_2ddc _cBK |
||
| 999 |
_c54383 _d54383 |
||